Gil Vicente's Floresta de enganos : A Critical Edition with Introduction and Notes
| Autor principal: | |
|---|---|
| Otros Autores: | |
| Formato: | Electrónico eBook |
| Idioma: | Inglés Español Portugués |
| Publicado: |
Chapel Hill :
University of North Carolina Press,
[1972]
|
| Colección: | Book collections on Project MUSE.
|
| Temas: | |
| Acceso en línea: | Texto completo |
MARC
| LEADER | 00000cam a22000004a 4500 | ||
|---|---|---|---|
| 001 | musev2_73696 | ||
| 003 | MdBmJHUP | ||
| 005 | 20230905051615.0 | ||
| 006 | m o d | ||
| 007 | cr||||||||nn|n | ||
| 008 | 200311s1972 ncu o 00 0 eng d | ||
| 020 | |a 9781469661278 | ||
| 020 | |z 9780807891254 | ||
| 035 | |a (OCoLC)1144482482 | ||
| 040 | |a MdBmJHUP |c MdBmJHUP | ||
| 041 | 0 | |a eng |a spa |a por | |
| 100 | 1 | |a Stathatos, Constantine C. |q (Constantine Christopher) | |
| 245 | 1 | 2 | |a Gil Vicente's Floresta de enganos : |b A Critical Edition with Introduction and Notes |
| 264 | 1 | |a Chapel Hill : |b University of North Carolina Press, |c [1972] | |
| 264 | 3 | |a Baltimore, Md. : |b Project MUSE, |c 2021 | |
| 264 | 4 | |c ©[1972] | |
| 300 | |a 1 online resource (138 pages). | ||
| 336 | |a text |b txt |2 rdacontent | ||
| 337 | |a computer |b c |2 rdamedia | ||
| 338 | |a online resource |b cr |2 rdacarrier | ||
| 490 | 0 | |a Studies in the Romance languages and literatures ; |v no. 125 | |
| 588 | |a Description based on print version record. | ||
| 600 | 1 | 0 | |a Vicente, Gil, |d approximately 1470-approximately 1536. |t Floresta de enganos. |
| 650 | 7 | |a LITERARY CRITICISM |x Caribbean & Latin American. |2 bisacsh | |
| 655 | 7 | |a Electronic books. |2 local | |
| 700 | 1 | 2 | |a Vicente, Gil, |d approximately 1470-approximately 1536. |t Floresta de enganos. |f 1972. |
| 710 | 2 | |a Project Muse. |e distributor | |
| 830 | 0 | |a Book collections on Project MUSE. | |
| 856 | 4 | 0 | |z Texto completo |u https://projectmuse.uam.elogim.com/book/73696/ |
| 945 | |a Project MUSE - Custom Collection | ||
| 945 | |a Project MUSE - Archive Complete Supplement IX | ||
| 945 | |a Project MUSE - Archive Literature Supplement IX | ||
| 945 | |a Project MUSE - Archive Latin American and Caribbean Studies Supplement VIII | ||


